Goldilocks and the three bears

Bibliographic Details
Main Author: Lambert, Nat (Author)
Other Authors: Rosie Butcher (illustrators)
Format: Book
Published: New York : Little Hippo Books 2018
Series:READ, LEARN, AND PLAY! WITH Augmented Reality 4D
Subjects:

MARC

LEADER 00000cam a2200000 7i4500
001 0000133690
005 20191212.0
008 191212s2018 lona g l0 d eng
020 |a 9781787005266 
040 |a PERPUSTAM   |b eng   |c PERPUSTAM   |e rda 
090 0 0 |a JF   |b LAM 
100 1 |a Lambert, Nat ,   |e author 
245 1 0 |a Goldilocks and the three bears   |c Nat Lambert; illustrated by Rosie Butcher 
264 1 |a New York :   |b Little Hippo Books   |c 2018 
300 |a unnumbered pages :   |b colour illustrations ;   |c 20cm. 
336 |a text, rdacontent 
337 |a unmediated  |2 rdamedia 
338 |a volume  |2 rdacarrier 
490 1 |a READ, LEARN, AND PLAY! WITH Augmented Reality 4D 
650 1 0 |a Juniro fiction, English 
700 0 |a Rosie Butcher ,   |e illustrators 
999 |a 0000601609   |b Buku   |c Koleksi Pinjaman Kanak-Kanak   |e Perbadanan Perpustakaan Awam Melaka 
999 |a 0000601610   |b Buku   |c Koleksi Pinjaman Kanak-Kanak   |e Perpustakaan Cawangan Jasin 
999 |a 0000601611   |b Buku   |c Koleksi Pinjaman Kanak-Kanak   |e Perpustakaan Cawangan Masjid Tanah 
999 |a 0000601612   |b Buku   |c Koleksi Pinjaman Kanak-Kanak   |e Perpustakaan Cawangan Merlimau 
999 |a 0000601613   |b Buku   |c Koleksi Pinjaman Kanak-Kanak   |e Perpustakaan Komuniti Element Mall 
999 |a 0000601614   |b Buku   |c Koleksi Pinjaman Kanak-Kanak   |e Perbadanan Perpustakaan Awam Melaka